000
00328nam a2200133Ia 4500
005
20260328104325.0
008
260328s9999||||xx |||||||||||||| ||und||
100
_a
Bécet, Marie
245
0
_a
Vézelay :
_b
Couverture de Jean Roubier /
_c
Marie Bécet
260
_b
Alpina
300
_a
63 p.
650
_a
ENSAYOS
942
_c
BK
999
_c
11487
_d
11487